000 00737nam a2200229 i 4500
001 124497
003 ES-MaACL
005 20250813062620.0
007 t|
008 070328s1929 sp ||||1| spa d
080 _a91(494)(022)
100 1 _aWalser, Hermann.
_9115985
245 1 0 _aGeografía de Suiza /
_cHermann Walser ; traducción por J. Gómez de LLarena.
260 _aBarcelona :
_bLabor,
_c[1929]
300 _a203 p., XVII p. de lám. y 2 mapas col. :
_bil. ;
_c17 cm.
490 1 _aColección Labor ;
_v213
651 4 _aSuiza-
_xGeografía.
_9145573
700 1 _aGómez de Llarena, Joaquín (
_d1891-1979)
_957911
830 0 0 _aColección Labor
_v213
_9184254
852 _aES-MaACL
_jE-2725
999 _c124497
_d124497